| 000 | 00590nam a2200241 a 4500 | ||
|---|---|---|---|
| 001 | nice12345678 | ||
| 003 | IN_TiNIC | ||
| 005 | 20260116012348.0 | ||
| 008 | 050524s0000 geoa grp 000 0 eng | ||
| 020 |
_a _c100 |
||
| 082 | 0 | 0 |
_a305.402208 _bGUT |
| 100 | _aGutzke, M George | ||
| 245 | _aSome Women of the Bible. | ||
| 260 |
_aGeorgia _bBible Truth for Everyday _c0000 |
||
| 300 | _a1 &2 | ||
| 500 | _aincludes index and biblioraphy | ||
| 505 | 2 | _aPart 1 and 2 | |
| 650 | _aWomen in Bible | ||
| 700 | 1 | _aGutzke, M George | |
| 902 | _bSRS | ||
| 942 | _cBK | ||
| 999 |
_c6705 _d6705 |
||